000 01963nam a2200241 a 4500
005 20260322212026.0
008 data
020 _a9781404935921
090 _aDVD 985
100 1 _aGordon, Lawrence.
245 1 0 _aHellboy.
_cRevolution Studios presents a Lawrence Gordon/Lloyd Levin production in association with Dark Horse Entertainment, a film by Guillermo del Toro; produced by Lawrence Gordon, Mike Richardson, Lloyd Levin ; screenplay by Guillermo del Toro ; directed by Guillermo del Toro. Director of photography, Guillermo Navarro ; editor, Peter Amundson ; music, Marco Beltrami ; costume designer, Wendy Partridge ; production designer, Stephen Scott.
260 _aCulver City, Calif. :
_bColumbia TriStar Home Entertainment, ;
_c2004.
300 _aDVD video 2 videodiscs (122 min.) : sd., col. ;
_b4 3/4 in.
500 _aBased on the Dark Horse comic created by Mike Mignola./ Originally produced as a motion picture in 2004./ Participants: Ron Perlman, Selma Blair, Jeffrey Tambor, Karel Roden, Rupert Evans, Brian Steele, Doug Jones, John Hurt./ Audience: MPAA rating: PG-13; for sci-fi action violence and frightening images.
520 _aIn the 1940s, the Third Reich has joined forces with the evil Grigori Rasputin, who has used his occult powers to summon up a demon from the depths of Hell. However, the demonic creature is captured by American forces, and put in the care of Professor Broom. Under Broom's care, Hellboy develops the desire to do good. Sixty years later he takes action as part of an elite secret defense team alongside Liz Sherman, and Abe Sapian, an aquatic humanoid with the power of telepathy. Hellboy finds himself facing the powerful Rasputin determined to bring the demon back to the forces of darkness.
650 0 _aScience fiction films
700 1 _aRichardson, Mike
700 1 _aLevin, Lloyd
700 1 _aToro, Guillermo del
700 1 _aPerlman, Ron,; 1950-
700 1 _aBlair, Selma.
001 data
999 _c586
_d586